| 000 | 00521nam a2200181Ia 4500 | ||
|---|---|---|---|
| 003 | GCL | ||
| 008 | 140319s9999 xx 000 0 eng d | ||
| 040 |
_aGCL / _cGCL |
||
| 082 | 0 | 4 |
_a759.052 _bR M |
| 100 | 1 | _aROSENBLUM,ROBERT | |
| 245 | 1 | 0 |
_aMODERN PAINTING AND THE NORTHERN ROMANTIC TRADITION: FRIEDRICH TO ROTHKR / _cROSENBLUM,ROBERT |
| 260 |
_a[S.N] : _bTHAMES AND HUDSON ، _c1994 |
||
| 300 | _a240 P | ||
| 650 | 0 | 4 | _aMODERN PAINTINGS |
| 650 | 0 | 4 | _aROMANTICISM |
| 650 | 0 | 4 | _aFRIE DICH TO RATHKO |
| 942 |
_2ddc _cBK |
||
| 999 |
_c11405 _d11405 |
||